[Event "April 9 Late 2024"]
[Site "Chess.com"]
[Date "2024.04.09"]
[Round "4"]
[White "Bence Papp"]
[Black "Andrews, Todd"]
[Result "0-1"]
[Board "128"]
[WhiteFideId "788384"]
[BlackFideId "2012456"]
[WhiteTitle "FM"]
[BlackTitle "FM"]
[WhiteElo "2305"]
[BlackElo "2474"]
[WhiteTeam "HUN"]
[BlackTeam "USA"]
[WhiteClock "0:00:07"]
[BlackClock "0:00:16"]
[Variant "Standard"]

1. e4 {[%clk 0:03:00]}  e6 {[%clk 0:03:00]} 2. d4 {[%clk 0:02:59]}  d5 {[%clk 0:03:00]} 3. Nc3 {[%clk 0:02:59]}  Bb4 {[%clk 0:02:59]} 4. e5 {[%clk 0:02:53]}  c5 {[%clk 0:03:00]} 5. a3 {[%clk 0:02:48]}  Bxc3+ {[%clk 0:03:00]} 6. bxc3 {[%clk 0:02:48]}  Ne7 {[%clk 0:03:01]} 7. Qg4 {[%clk 0:02:42]}  Qc7 {[%clk 0:03:01]} 8. Bd2 {[%clk 0:02:29]}  Nbc6 {[%clk 0:02:43]} 9. h4 {[%clk 0:02:04]}  Nf5 {[%clk 0:02:23]} 10. Bd3 {[%clk 0:01:54]}  h5 {[%clk 0:02:14]} 11. Qg5 {[%clk 0:01:44]}  Nce7 {[%clk 0:02:02]} 12. Nf3 {[%clk 0:01:26]}  c4 {[%clk 0:01:52]} 13. Bxf5 {[%clk 0:01:16]}  Nxf5 {[%clk 0:01:53]} 14. g4 {[%clk 0:01:16]}  hxg4 {[%clk 0:01:52]} 15. Qxg4 {[%clk 0:01:14]}  Bd7 {[%clk 0:01:02]} 16. Bg5 {[%clk 0:01:08]}  Ba4 {[%clk 0:00:59]} 17. Kd2 {[%clk 0:01:03]}  Kd7 {[%clk 0:00:51]} 18. h5 {[%clk 0:00:59]}  Kc6 {[%clk 0:00:46]} 19. Nh4 {[%clk 0:00:45]}  Nxh4 {[%clk 0:00:35]} 20. Rxh4 {[%clk 0:00:44]}  Qb6 {[%clk 0:00:28]} 21. Ra2 {[%clk 0:00:30]}  Qb1 {[%clk 0:00:25]} 22. Be7 {[%clk 0:00:23]}  Qxa2 {[%clk 0:00:25]} 23. Qd1 {[%clk 0:00:23]}  Rae8 {[%clk 0:00:19]} 24. Bb4 {[%clk 0:00:21]}  b6 {[%clk 0:00:19]} 25. Rf4 {[%clk 0:00:18]}  a5 {[%clk 0:00:15]} 26. Rxf7 {[%clk 0:00:16]}  axb4 {[%clk 0:00:15]} 27. axb4 {[%clk 0:00:14]}  Qxc2+ {[%clk 0:00:15]} 28. Qxc2 {[%clk 0:00:14]}  Bxc2 {[%clk 0:00:15]} 29. Kxc2 {[%clk 0:00:15]}  Rxh5 {[%clk 0:00:16]} 30. Rxg7 {[%clk 0:00:14]}  Rf5 {[%clk 0:00:15]} 31. Rg2 {[%clk 0:00:07]}  Ref8 {[%clk 0:00:16]} 0-1

[Event "April 9 Late 2024"]
[Site "Chess.com"]
[Date "2024.04.09"]
[Round "4"]
[White "Pourkashiyan, Atousa"]
[Black "Shamsi, Mohammadhossein"]
[Result "0-1"]
[Board "129"]
[WhiteFideId "12502014"]
[BlackFideId "12507326"]
[WhiteTitle "WGM"]
[BlackTitle "CM"]
[WhiteElo "2472"]
[BlackElo "2300"]
[WhiteTeam "USA"]
[BlackTeam "IRI"]
[WhiteClock "0:00:02"]
[BlackClock "0:00:09"]
[Variant "Standard"]

1. e4 {[%clk 0:02:53]}  c6 {[%clk 0:02:59]} 2. d4 {[%clk 0:02:53]}  d5 {[%clk 0:03:00]} 3. Nc3 {[%clk 0:02:52]}  dxe4 {[%clk 0:02:59]} 4. Nxe4 {[%clk 0:02:53]}  Nf6 {[%clk 0:02:58]} 5. Nxf6+ {[%clk 0:02:53]}  exf6 {[%clk 0:02:59]} 6. c3 {[%clk 0:02:53]}  Bd6 {[%clk 0:02:58]} 7. Bd3 {[%clk 0:02:53]}  Na6 {[%clk 0:02:54]} 8. Qc2 {[%clk 0:02:45]}  Nb8 {[%clk 0:02:54]} 9. Ne2 {[%clk 0:02:32]}  h5 {[%clk 0:02:53]} 10. Bf4 {[%clk 0:02:26]}  h4 {[%clk 0:02:50]} 11. O-O-O {[%clk 0:02:22]}  Be6 {[%clk 0:02:48]} 12. Kb1 {[%clk 0:02:21]}  Kf8 {[%clk 0:02:45]} 13. c4 {[%clk 0:02:06]}  b5 {[%clk 0:02:38]} 14. d5 {[%clk 0:01:41]}  cxd5 {[%clk 0:02:28]} 15. cxb5 {[%clk 0:01:34]}  g5 {[%clk 0:02:23]} 16. Bxd6+ {[%clk 0:01:26]}  Qxd6 {[%clk 0:02:24]} 17. Nd4 {[%clk 0:01:26]}  Nd7 {[%clk 0:02:22]} 18. Qc6 {[%clk 0:01:25]}  Qxc6 {[%clk 0:02:09]} 19. bxc6 {[%clk 0:01:26]}  Ne5 {[%clk 0:02:06]} 20. Ba6 {[%clk 0:01:18]}  Bc8 {[%clk 0:02:05]} 21. Be2 {[%clk 0:01:09]}  Ke7 {[%clk 0:02:02]} 22. Rc1 {[%clk 0:01:04]}  a6 {[%clk 0:01:57]} 23. Rhd1 {[%clk 0:00:54]}  Be6 {[%clk 0:01:54]} 24. c7 {[%clk 0:00:46]}  Rhc8 {[%clk 0:01:48]} 25. g3 {[%clk 0:00:42]}  hxg3 {[%clk 0:01:37]} 26. hxg3 {[%clk 0:00:43]}  g4 {[%clk 0:01:35]} 27. f4 {[%clk 0:00:36]}  gxf3 {[%clk 0:01:35]} 28. Bxf3 {[%clk 0:00:28]}  Nxf3 {[%clk 0:01:23]} 29. Nxf3 {[%clk 0:00:27]}  Ra7 {[%clk 0:01:23]} 30. Rc3 {[%clk 0:00:11]}  Raxc7 {[%clk 0:01:22]} 31. Re3 {[%clk 0:00:12]}  Kf8 {[%clk 0:01:17]} 32. Nd4 {[%clk 0:00:12]}  Bg4 {[%clk 0:01:14]} 33. Rde1 {[%clk 0:00:11]}  Bh5 {[%clk 0:01:11]} 34. a3 {[%clk 0:00:12]}  Rc4 {[%clk 0:01:10]} 35. Nb3 {[%clk 0:00:07]}  Bg6+ {[%clk 0:01:04]} 36. Ka2 {[%clk 0:00:07]}  Re4 {[%clk 0:00:55]} 37. Nd2 {[%clk 0:00:06]}  Rd4 {[%clk 0:00:51]} 38. Nf3 {[%clk 0:00:06]}  Rdc4 {[%clk 0:00:43]} 39. Nh4 {[%clk 0:00:07]}  Be4 {[%clk 0:00:41]} 40. g4 {[%clk 0:00:05]}  Rc2 {[%clk 0:00:39]} 41. Nf5 {[%clk 0:00:05]}  Rb8 {[%clk 0:00:31]} 42. Rb1 {[%clk 0:00:04]}  Rh2 {[%clk 0:00:21]} 43. Rc3 {[%clk 0:00:03]}  Bxb1+ {[%clk 0:00:20]} 44. Kxb1 {[%clk 0:00:04]}  Rhxb2+ {[%clk 0:00:19]} 45. Kc1 {[%clk 0:00:05]}  Rg2 {[%clk 0:00:17]} 46. Rd3 {[%clk 0:00:04]}  Rd8 {[%clk 0:00:15]} 47. Ne3 {[%clk 0:00:04]}  Rg3 {[%clk 0:00:15]} 48. Kd2 {[%clk 0:00:04]}  d4 {[%clk 0:00:14]} 49. Nf5 {[%clk 0:00:04]}  Rxg4 {[%clk 0:00:14]} 50. Ng3 {[%clk 0:00:02]}  Ke7 {[%clk 0:00:12]} 51. Ke2 {[%clk 0:00:03]}  Ke6 {[%clk 0:00:12]} 52. Kf3 {[%clk 0:00:04]}  f5 {[%clk 0:00:12]} 53. Rd2 {[%clk 0:00:04]}  Kf6 {[%clk 0:00:11]} 54. Re2 {[%clk 0:00:05]}  Kg5 {[%clk 0:00:11]} 55. Rh2 {[%clk 0:00:04]}  d3 {[%clk 0:00:08]} 56. Rh5+ {[%clk 0:00:05]}  Kg6 {[%clk 0:00:08]} 57. Rxf5 {[%clk 0:00:05]}  Rxg3+ {[%clk 0:00:09]} 58. Kf4 {[%clk 0:00:05]}  Rf3+ {[%clk 0:00:08]} 59. Kxf3 {[%clk 0:00:02]}  Kxf5 {[%clk 0:00:09]} 0-1

[Event "April 9 Late 2024"]
[Site "Chess.com"]
[Date "2024.04.09"]
[Round "4"]
[White "Rangel, Daniel"]
[Black "Dubreuil, Julien"]
[Result "1-0"]
[Board "131"]
[WhiteFideId "2124475"]
[BlackFideId "621285"]
[WhiteTitle "FM"]
[BlackTitle "FM"]
[WhiteElo "2469"]
[BlackElo "2293"]
[WhiteTeam "BRA"]
[BlackTeam "FRA"]
[WhiteClock "0:01:41"]
[BlackClock "0:00:01"]
[Variant "Standard"]

1. d4 {[%clk 0:03:00]}  d5 {[%clk 0:02:59]} 2. Nf3 {[%clk 0:03:00]}  Nf6 {[%clk 0:02:59]} 3. Bf4 {[%clk 0:03:01]}  c5 {[%clk 0:02:56]} 4. c3 {[%clk 0:03:01]}  cxd4 {[%clk 0:02:53]} 5. cxd4 {[%clk 0:03:01]}  Nc6 {[%clk 0:02:53]} 6. e3 {[%clk 0:03:01]}  Qb6 {[%clk 0:02:45]} 7. Qd2 {[%clk 0:03:00]}  Bf5 {[%clk 0:02:44]} 8. Be2 {[%clk 0:02:57]}  Ne4 {[%clk 0:02:43]} 9. Qc1 {[%clk 0:02:53]}  Rc8 {[%clk 0:02:32]} 10. O-O {[%clk 0:02:50]}  Nxd4 {[%clk 0:02:29]} 11. Nxd4 {[%clk 0:02:51]}  Rxc1 {[%clk 0:02:26]} 12. Rxc1 {[%clk 0:02:52]}  Bd7 {[%clk 0:02:24]} 13. Nc3 {[%clk 0:02:44]}  Nxc3 {[%clk 0:02:17]} 14. bxc3 {[%clk 0:02:42]}  a6 {[%clk 0:01:59]} 15. Rab1 {[%clk 0:02:41]}  Qa7 {[%clk 0:01:59]} 16. Bf3 {[%clk 0:02:34]}  e6 {[%clk 0:01:58]} 17. c4 {[%clk 0:02:33]}  Bc5 {[%clk 0:00:36]} 18. cxd5 {[%clk 0:02:22]}  b5 {[%clk 0:00:36]} 19. dxe6 {[%clk 0:01:56]}  fxe6 {[%clk 0:00:35]} 20. Nc6 {[%clk 0:01:52]}  Qb6 {[%clk 0:00:29]} 21. Ne5 {[%clk 0:01:51]}  Ba3 {[%clk 0:00:07]} 22. Rc3 {[%clk 0:01:42]}  b4 {[%clk 0:00:01]} 23. Rxa3 {[%clk 0:01:41]} 1-0

[Event "April 9 Late 2024"]
[Site "Chess.com"]
[Date "2024.04.09"]
[Round "4"]
[White "Schut, Han"]
[Black "Bueno, Alfeu Junior Varela"]
[Result "0-1"]
[Board "134"]
[WhiteFideId "1005561"]
[BlackFideId "2108879"]
[WhiteTitle "CM"]
[BlackTitle "FM"]
[WhiteElo "2278"]
[BlackElo "2459"]
[WhiteTeam "NED"]
[BlackTeam "BRA"]
[WhiteClock "0:01:51"]
[BlackClock "0:02:41"]
[Variant "Standard"]

1. e4 {[%clk 0:03:00]}  e6 {[%clk 0:02:57]} 2. d4 {[%clk 0:03:00]}  d5 {[%clk 0:02:57]} 3. e5 {[%clk 0:03:01]}  c5 {[%clk 0:02:57]} 4. c3 {[%clk 0:03:01]}  Nc6 {[%clk 0:02:58]} 5. Nf3 {[%clk 0:03:01]}  Bd7 {[%clk 0:02:59]} 6. Be2 {[%clk 0:03:01]}  Nge7 {[%clk 0:02:59]} 7. Bd3 {[%clk 0:02:48]}  Qb6 {[%clk 0:02:54]} 8. dxc5 {[%clk 0:02:48]}  Qxc5 {[%clk 0:02:55]} 9. Be3 {[%clk 0:02:38]}  Qa5 {[%clk 0:02:54]} 10. O-O {[%clk 0:02:29]}  Qc7 {[%clk 0:02:53]} 11. Bd4 {[%clk 0:02:28]}  Ng6 {[%clk 0:02:52]} 12. Re1 {[%clk 0:02:20]}  Be7 {[%clk 0:02:49]} 13. g3 {[%clk 0:02:19]}  O-O {[%clk 0:02:49]} 14. h4 {[%clk 0:02:19]}  f6 {[%clk 0:02:49]} 15. h5 {[%clk 0:02:15]}  Ngxe5 {[%clk 0:02:48]} 16. Bc2 {[%clk 0:01:55]}  Nxf3+ {[%clk 0:02:39]} 17. Qxf3 {[%clk 0:01:55]}  Nxd4 {[%clk 0:02:40]} 18. cxd4 {[%clk 0:01:51]}  Qxc2 {[%clk 0:02:41]} 0-1

[Event "April 9 Late 2024"]
[Site "Chess.com"]
[Date "2024.04.09"]
[Round "4"]
[White "Denis Denisenko"]
[Black "Yevchenko, Oleksandr"]
[Result "1-0"]
[Board "138"]
[WhiteFideId "4170652"]
[BlackFideId "14108267"]
[BlackTitle "CM"]
[WhiteElo "2446"]
[BlackElo "2254"]
[BlackTeam "UKR"]
[WhiteClock "0:01:21"]
[BlackClock "0:00:09"]
[Variant "Standard"]

1. d4 {[%clk 0:03:00]}  Nf6 {[%clk 0:02:59]} 2. Bf4 {[%clk 0:03:00]}  d5 {[%clk 0:02:58]} 3. e3 {[%clk 0:03:00]}  c5 {[%clk 0:02:58]} 4. c3 {[%clk 0:03:00]}  Nc6 {[%clk 0:02:57]} 5. Nd2 {[%clk 0:03:01]}  Bf5 {[%clk 0:02:54]} 6. Ngf3 {[%clk 0:03:00]}  e6 {[%clk 0:02:45]} 7. Bb5 {[%clk 0:02:58]}  Qb6 {[%clk 0:02:18]} 8. Qa4 {[%clk 0:02:56]}  Nd7 {[%clk 0:02:06]} 9. e4 {[%clk 0:02:56]}  dxe4 {[%clk 0:01:57]} 10. Nc4 {[%clk 0:02:56]}  Qd8 {[%clk 0:01:46]} 11. Nfe5 {[%clk 0:02:56]}  Rc8 {[%clk 0:00:53]} 12. Nxc6 {[%clk 0:02:32]}  bxc6 {[%clk 0:00:51]} 13. Bxc6 {[%clk 0:02:33]}  e5 {[%clk 0:00:35]} 14. Nxe5 {[%clk 0:02:25]}  Be7 {[%clk 0:00:30]} 15. dxc5 {[%clk 0:02:09]}  Rc7 {[%clk 0:00:19]} 16. O-O-O {[%clk 0:02:06]}  Rxc6 {[%clk 0:00:14]} 17. Qxc6 {[%clk 0:01:32]}  O-O {[%clk 0:00:11]} 18. Nxd7 {[%clk 0:01:29]}  Bxd7 {[%clk 0:00:11]} 19. Qxd7 {[%clk 0:01:26]}  Qa5 {[%clk 0:00:09]} 20. Qxe7 {[%clk 0:01:21]} 1-0

[Event "April 9 Late 2024"]
[Site "Chess.com"]
[Date "2024.04.09"]
[Round "4"]
[White "Rees, Ioan"]
[Black "Jimenez Fernandez, Rebeca"]
[Result "0-1"]
[Board "139"]
[WhiteFideId "1801236"]
[BlackFideId "32070934"]
[WhiteTitle "FM"]
[BlackTitle "WFM"]
[WhiteElo "2445"]
[BlackElo "2250"]
[WhiteTeam "WLS"]
[BlackTeam "ESP"]
[WhiteClock "0:01:49"]
[BlackClock "0:02:14"]
[Variant "Standard"]

1. e4 {[%clk 0:02:20]}  c5 {[%clk 0:02:59]} 2. Nf3 {[%clk 0:02:17]}  Nc6 {[%clk 0:03:00]} 3. Bb5 {[%clk 0:02:16]}  g6 {[%clk 0:02:59]} 4. c3 {[%clk 0:02:15]}  Bg7 {[%clk 0:02:58]} 5. O-O {[%clk 0:02:14]}  Nf6 {[%clk 0:02:58]} 6. Re1 {[%clk 0:02:13]}  O-O {[%clk 0:02:58]} 7. e5 {[%clk 0:02:11]}  Nd5 {[%clk 0:02:57]} 8. d4 {[%clk 0:02:09]}  cxd4 {[%clk 0:02:54]} 9. cxd4 {[%clk 0:02:10]}  Nc7 {[%clk 0:02:53]} 10. Bf1 {[%clk 0:02:07]}  d6 {[%clk 0:02:34]} 11. Qe2 {[%clk 0:02:04]}  Bg4 {[%clk 0:02:29]} 12. Qe4 {[%clk 0:01:52]}  Bxf3 {[%clk 0:02:24]} 13. gxf3 {[%clk 0:01:52]}  dxe5 {[%clk 0:02:22]} 14. dxe5 {[%clk 0:01:52]}  Nxe5 {[%clk 0:02:16]} 15. Qxb7 {[%clk 0:01:49]}  Rb8 {[%clk 0:02:16]} 16. Qxa7 {[%clk 0:01:49]}  Nxf3+ {[%clk 0:02:14]} 17. Kh1 {[%clk 0:01:49]} 0-1

[Event "April 9 Late 2024"]
[Site "Chess.com"]
[Date "2024.04.09"]
[Round "4"]
[White "Yushko, Olga"]
[Black "Paragua, Megan Althea"]
[Result "0-1"]
[Board "140"]
[WhiteFideId "14114500"]
[BlackFideId "30973007"]
[WhiteTitle "WFM"]
[BlackTitle "WFM"]
[WhiteElo "2249"]
[BlackElo "2443"]
[WhiteTeam "UKR"]
[BlackTeam "USA"]
[WhiteClock "0:00:54"]
[BlackClock "0:00:08"]
[Variant "Standard"]

1. d4 {[%clk 0:02:59]}  d5 {[%clk 0:02:55]} 2. c4 {[%clk 0:02:59]}  e6 {[%clk 0:02:51]} 3. cxd5 {[%clk 0:03:00]}  exd5 {[%clk 0:02:50]} 4. Nc3 {[%clk 0:03:01]}  Nf6 {[%clk 0:02:48]} 5. Bg5 {[%clk 0:03:01]}  c6 {[%clk 0:02:48]} 6. e3 {[%clk 0:03:01]}  Bf5 {[%clk 0:02:46]} 7. Bd3 {[%clk 0:03:02]}  Bxd3 {[%clk 0:02:43]} 8. Qxd3 {[%clk 0:03:02]}  Be7 {[%clk 0:02:43]} 9. Nge2 {[%clk 0:03:03]}  O-O {[%clk 0:02:41]} 10. O-O {[%clk 0:03:03]}  Re8 {[%clk 0:02:36]} 11. f3 {[%clk 0:03:03]}  Nbd7 {[%clk 0:02:35]} 12. Rae1 {[%clk 0:03:00]}  h6 {[%clk 0:02:34]} 13. Bh4 {[%clk 0:03:00]}  b5 {[%clk 0:02:31]} 14. Bg3 {[%clk 0:02:50]}  Nb6 {[%clk 0:02:29]} 15. e4 {[%clk 0:02:49]}  dxe4 {[%clk 0:02:28]} 16. fxe4 {[%clk 0:02:48]}  Bb4 {[%clk 0:02:20]} 17. a3 {[%clk 0:02:44]}  Bxc3 {[%clk 0:02:15]} 18. Nxc3 {[%clk 0:02:45]}  Nc4 {[%clk 0:02:11]} 19. Rf2 {[%clk 0:02:39]}  Qd7 {[%clk 0:02:00]} 20. e5 {[%clk 0:02:36]}  Nd5 {[%clk 0:01:48]} 21. Ne4 {[%clk 0:02:35]}  Ndb6 {[%clk 0:01:44]} 22. Ref1 {[%clk 0:02:27]}  Rf8 {[%clk 0:01:06]} 23. b3 {[%clk 0:02:15]}  Nxa3 {[%clk 0:01:03]} 24. Nd6 {[%clk 0:02:15]}  Qe6 {[%clk 0:00:50]} 25. Rf6 {[%clk 0:01:55]}  Qd5 {[%clk 0:00:32]} 26. Rxf7 {[%clk 0:01:42]}  Rxf7 {[%clk 0:00:21]} 27. Nxf7 {[%clk 0:01:37]}  Qe6 {[%clk 0:00:17]} 28. Nd6 {[%clk 0:01:34]}  b4 {[%clk 0:00:17]} 29. Qf3 {[%clk 0:01:31]}  Nd5 {[%clk 0:00:11]} 30. Qh5 {[%clk 0:01:24]}  Nb5 {[%clk 0:00:10]} 31. Nf5 {[%clk 0:01:20]}  Rf8 {[%clk 0:00:08]} 32. Qg4 {[%clk 0:01:19]}  Rf7 {[%clk 0:00:07]} 33. h3 {[%clk 0:01:10]}  Nbc3 {[%clk 0:00:06]} 34. Nxh6+ {[%clk 0:01:02]}  Qxh6 {[%clk 0:00:06]} 35. Qc8+ {[%clk 0:01:02]}  Kh7 {[%clk 0:00:06]} 36. Rxf7 {[%clk 0:01:01]}  Ne2+ {[%clk 0:00:07]} 37. Kh2 {[%clk 0:01:01]}  Nxg3 {[%clk 0:00:07]} 38. Kxg3 {[%clk 0:01:02]}  Qg6+ {[%clk 0:00:08]} 39. Qg4 {[%clk 0:01:00]}  Qxf7 {[%clk 0:00:08]} 40. Qh4+ {[%clk 0:00:59]}  Kg8 {[%clk 0:00:08]} 41. Qd8+ {[%clk 0:00:56]}  Qf8 {[%clk 0:00:08]} 42. Qd7 {[%clk 0:00:54]}  Qf4# {[%clk 0:00:08]} 0-1

[Event "April 9 Late 2024"]
[Site "Chess.com"]
[Date "2024.04.09"]
[Round "4"]
[White "Guzman Lozano, Campo Elias"]
[Black "Zeneli, Klendi"]
[Result "0-1"]
[Board "141"]
[WhiteFideId "4403746"]
[BlackFideId "4706609"]
[WhiteTitle "CM"]
[BlackTitle "CM"]
[WhiteElo "2244"]
[BlackElo "2439"]
[WhiteTeam "COL"]
[BlackTeam "ALB"]
[WhiteClock "0:00:15"]
[BlackClock "0:00:08"]
[Variant "Standard"]

1. e4 {[%clk 0:02:59]}  e5 {[%clk 0:02:56]} 2. Bc4 {[%clk 0:02:58]}  Nf6 {[%clk 0:02:55]} 3. d3 {[%clk 0:02:58]}  c6 {[%clk 0:02:55]} 4. Nc3 {[%clk 0:02:57]}  d5 {[%clk 0:02:55]} 5. exd5 {[%clk 0:02:56]}  cxd5 {[%clk 0:02:56]} 6. Bb3 {[%clk 0:02:56]}  h6 {[%clk 0:02:54]} 7. Nf3 {[%clk 0:02:55]}  Nc6 {[%clk 0:02:54]} 8. Qe2 {[%clk 0:02:54]}  Qd6 {[%clk 0:02:47]} 9. Bf4 {[%clk 0:02:42]}  d4 {[%clk 0:02:18]} 10. Nb1 {[%clk 0:02:19]}  Nd7 {[%clk 0:02:14]} 11. O-O {[%clk 0:02:14]}  Be7 {[%clk 0:02:14]} 12. Bg3 {[%clk 0:02:12]}  Bf6 {[%clk 0:02:09]} 13. Nbd2 {[%clk 0:02:12]}  O-O {[%clk 0:02:08]} 14. Ne4 {[%clk 0:02:12]}  Qe7 {[%clk 0:02:08]} 15. Nxf6+ {[%clk 0:02:12]}  Qxf6 {[%clk 0:02:08]} 16. Rfe1 {[%clk 0:02:10]}  Re8 {[%clk 0:02:06]} 17. Nd2 {[%clk 0:02:08]}  Nc5 {[%clk 0:02:05]} 18. Ne4 {[%clk 0:02:06]}  Nxe4 {[%clk 0:02:02]} 19. Qxe4 {[%clk 0:02:06]}  Bf5 {[%clk 0:02:00]} 20. Qd5 {[%clk 0:02:03]}  Be6 {[%clk 0:01:48]} 21. Qb5 {[%clk 0:01:58]}  Bxb3 {[%clk 0:01:47]} 22. Qxb3 {[%clk 0:01:57]}  Re7 {[%clk 0:01:46]} 23. Re2 {[%clk 0:01:56]}  h5 {[%clk 0:01:45]} 24. h4 {[%clk 0:01:55]}  Rae8 {[%clk 0:01:43]} 25. Rae1 {[%clk 0:01:55]}  Qg6 {[%clk 0:01:37]} 26. Qd5 {[%clk 0:01:46]}  Kh8 {[%clk 0:01:31]} 27. a3 {[%clk 0:01:46]}  f5 {[%clk 0:01:30]} 28. Bxe5 {[%clk 0:01:36]}  Qg4 {[%clk 0:01:18]} 29. f4 {[%clk 0:01:35]}  Qxh4 {[%clk 0:01:17]} 30. b4 {[%clk 0:01:25]}  a6 {[%clk 0:01:16]} 31. c3 {[%clk 0:01:17]}  dxc3 {[%clk 0:01:13]} 32. d4 {[%clk 0:01:17]}  c2 {[%clk 0:01:02]} 33. Qc4 {[%clk 0:01:15]}  Qg3 {[%clk 0:00:59]} 34. Qxc2 {[%clk 0:01:11]}  Qg4 {[%clk 0:00:41]} 35. d5 {[%clk 0:01:05]}  Nd4 {[%clk 0:00:39]} 36. Qd2 {[%clk 0:00:46]}  Nf3+ {[%clk 0:00:36]} 37. Kf2 {[%clk 0:00:45]}  Nxd2 {[%clk 0:00:32]} 38. Rxd2 {[%clk 0:00:45]}  Rxe5 {[%clk 0:00:25]} 39. fxe5 {[%clk 0:00:40]}  Qf4+ {[%clk 0:00:24]} 40. Ke2 {[%clk 0:00:40]}  Rxe5+ {[%clk 0:00:24]} 41. Kd1 {[%clk 0:00:40]}  Rxe1+ {[%clk 0:00:18]} 42. Kxe1 {[%clk 0:00:40]}  Qd6 {[%clk 0:00:18]} 43. Ke2 {[%clk 0:00:37]}  h4 {[%clk 0:00:18]} 44. Ke3 {[%clk 0:00:37]}  Qg3+ {[%clk 0:00:17]} 45. Kd4 {[%clk 0:00:35]}  f4 {[%clk 0:00:16]} 46. d6 {[%clk 0:00:34]}  f3 {[%clk 0:00:13]} 47. Kc5 {[%clk 0:00:29]}  fxg2 {[%clk 0:00:11]} 48. d7 {[%clk 0:00:27]}  g1=Q+ {[%clk 0:00:10]} 49. Rd4 {[%clk 0:00:15]}  Qc7+ {[%clk 0:00:08]} 0-1

[Event "April 9 Late 2024"]
[Site "Chess.com"]
[Date "2024.04.09"]
[Round "4"]
[White "Seder, Mohammed"]
[Black "Vila Dupla, Aurelio"]
[Result "1-0"]
[Board "144"]
[WhiteFideId "11505567"]
[BlackFideId "2203383"]
[WhiteTitle "FM"]
[BlackTitle "FM"]
[WhiteElo "2434"]
[BlackElo "2215"]
[WhiteTeam "PLE"]
[BlackTeam "ESP"]
[WhiteClock "0:00:09"]
[BlackClock "0:00:00"]
[Variant "Standard"]

1. e4 {[%clk 0:03:00]}  c5 {[%clk 0:02:56]} 2. Nf3 {[%clk 0:03:00]}  d6 {[%clk 0:02:55]} 3. Bb5+ {[%clk 0:03:00]}  Bd7 {[%clk 0:02:54]} 4. Bxd7+ {[%clk 0:03:01]}  Nxd7 {[%clk 0:02:55]} 5. O-O {[%clk 0:03:02]}  Ngf6 {[%clk 0:02:54]} 6. Re1 {[%clk 0:03:01]}  e6 {[%clk 0:02:54]} 7. c3 {[%clk 0:03:02]}  Be7 {[%clk 0:02:54]} 8. d4 {[%clk 0:03:02]}  cxd4 {[%clk 0:02:55]} 9. cxd4 {[%clk 0:03:02]}  d5 {[%clk 0:02:55]} 10. e5 {[%clk 0:03:02]}  Ne4 {[%clk 0:02:55]} 11. Qd3 {[%clk 0:03:03]}  O-O {[%clk 0:02:39]} 12. Nbd2 {[%clk 0:03:02]}  Nxd2 {[%clk 0:02:38]} 13. Bxd2 {[%clk 0:03:03]}  h6 {[%clk 0:02:37]} 14. Re3 {[%clk 0:03:02]}  Nb6 {[%clk 0:02:28]} 15. b3 {[%clk 0:03:00]}  Rc8 {[%clk 0:02:21]} 16. Ne1 {[%clk 0:02:58]}  Qd7 {[%clk 0:01:49]} 17. Rg3 {[%clk 0:02:55]}  Kh8 {[%clk 0:01:42]} 18. Rh3 {[%clk 0:02:50]}  f5 {[%clk 0:01:36]} 19. exf6 {[%clk 0:02:28]}  Rxf6 {[%clk 0:01:34]} 20. Nf3 {[%clk 0:02:27]}  Bd6 {[%clk 0:01:33]} 21. Ne5 {[%clk 0:02:25]}  Bxe5 {[%clk 0:01:28]} 22. dxe5 {[%clk 0:02:26]}  Rf5 {[%clk 0:01:29]} 23. Qg3 {[%clk 0:02:10]}  Kh7 {[%clk 0:01:20]} 24. Re1 {[%clk 0:01:57]}  Qf7 {[%clk 0:01:18]} 25. Qh4 {[%clk 0:01:46]}  Qg6 {[%clk 0:01:16]} 26. Rg3 {[%clk 0:01:38]}  Qf7 {[%clk 0:01:08]} 27. Rh3 {[%clk 0:01:37]}  Qg6 {[%clk 0:01:03]} 28. Qe7 {[%clk 0:01:35]}  Rf7 {[%clk 0:01:01]} 29. Qb4 {[%clk 0:01:15]}  Rc2 {[%clk 0:00:48]} 30. Be3 {[%clk 0:01:15]}  d4 {[%clk 0:00:48]} 31. Bxd4 {[%clk 0:01:04]}  Nd5 {[%clk 0:00:48]} 32. Qb5 {[%clk 0:00:56]}  Rxa2 {[%clk 0:00:44]} 33. Rg3 {[%clk 0:00:56]}  Qf5 {[%clk 0:00:43]} 34. Rf3 {[%clk 0:00:49]}  Qh5 {[%clk 0:00:35]} 35. Rxf7 {[%clk 0:00:46]}  Qxf7 {[%clk 0:00:34]} 36. Rc1 {[%clk 0:00:36]}  Rd2 {[%clk 0:00:19]} 37. Bxa7 {[%clk 0:00:22]}  Qf4 {[%clk 0:00:19]} 38. Rf1 {[%clk 0:00:18]}  Nc3 {[%clk 0:00:17]} 39. Qc4 {[%clk 0:00:16]}  Ne2+ {[%clk 0:00:15]} 40. Kh1 {[%clk 0:00:16]}  Qxe5 {[%clk 0:00:14]} 41. Be3 {[%clk 0:00:16]}  Rb2 {[%clk 0:00:11]} 42. b4 {[%clk 0:00:14]}  b5 {[%clk 0:00:10]} 43. Qc6 {[%clk 0:00:11]}  Rxb4 {[%clk 0:00:08]} 44. Qc2+ {[%clk 0:00:11]}  Qf5 {[%clk 0:00:05]} 45. Qxe2 {[%clk 0:00:12]}  Re4 {[%clk 0:00:04]} 46. Qd3 {[%clk 0:00:12]}  h5 {[%clk 0:00:04]} 47. Rb1 {[%clk 0:00:11]}  h4 {[%clk 0:00:03]} 48. Rxb5 {[%clk 0:00:10]}  Qxb5 {[%clk 0:00:00]} 49. Qxb5 {[%clk 0:00:09]} 1-0

[Event "April 9 Late 2024"]
[Site "Chess.com"]
[Date "2024.04.09"]
[Round "4"]
[White "Mazurkiewicz, Michal"]
[Black "Jing, Andrew"]
[Result "1-0"]
[Board "145"]
[WhiteFideId "1124943"]
[BlackFideId "30984076"]
[WhiteTitle "CM"]
[WhiteElo "2432"]
[BlackElo "2214"]
[WhiteTeam "POL"]
[BlackTeam "USA"]
[WhiteClock "0:01:54"]
[BlackClock "0:01:30"]
[Variant "Standard"]

1. e4 {[%clk 0:02:59]}  c5 {[%clk 0:02:55]} 2. Nf3 {[%clk 0:02:59]}  e6 {[%clk 0:02:54]} 3. d3 {[%clk 0:02:59]}  Nc6 {[%clk 0:02:51]} 4. g3 {[%clk 0:03:00]}  Qc7 {[%clk 0:02:50]} 5. Bg2 {[%clk 0:02:59]}  Nge7 {[%clk 0:02:48]} 6. O-O {[%clk 0:02:59]}  g6 {[%clk 0:02:47]} 7. Re1 {[%clk 0:02:59]}  Bg7 {[%clk 0:02:47]} 8. Qe2 {[%clk 0:03:00]}  O-O {[%clk 0:02:46]} 9. e5 {[%clk 0:02:59]}  f5 {[%clk 0:02:38]} 10. Bf4 {[%clk 0:02:42]}  Nd5 {[%clk 0:02:33]} 11. Bd2 {[%clk 0:02:36]}  a6 {[%clk 0:02:25]} 12. a4 {[%clk 0:02:36]}  b6 {[%clk 0:02:25]} 13. Na3 {[%clk 0:02:34]}  Bb7 {[%clk 0:02:12]} 14. Nc4 {[%clk 0:02:34]}  Nce7 {[%clk 0:02:08]} 15. Nd6 {[%clk 0:02:31]}  Nc8 {[%clk 0:02:03]} 16. Nxb7 {[%clk 0:02:30]}  Qxb7 {[%clk 0:02:04]} 17. c4 {[%clk 0:02:29]}  Nde7 {[%clk 0:02:02]} 18. d4 {[%clk 0:02:23]}  Qc7 {[%clk 0:01:55]} 19. d5 {[%clk 0:02:12]}  Qd8 {[%clk 0:01:46]} 20. Ng5 {[%clk 0:02:02]}  Rb8 {[%clk 0:01:39]} 21. d6 {[%clk 0:01:54]}  Nc6 {[%clk 0:01:37]} 22. Bxc6 {[%clk 0:01:54]}  dxc6 {[%clk 0:01:37]} 23. Nxe6 {[%clk 0:01:55]}  Qd7 {[%clk 0:01:33]} 24. Nxf8 {[%clk 0:01:54]}  Bxf8 {[%clk 0:01:32]} 25. e6 {[%clk 0:01:54]}  Qxd6 {[%clk 0:01:30]} 26. Bf4 {[%clk 0:01:54]} 1-0